Services marketing: Text and cases (Record no. 165187)

MARC details
000 -LEADER
fixed length control field 00386nam a2200157Ia 4500
008 - FIXED-LENGTH DATA ELEMENTS--GENERAL INFORMATION
fixed length control field 230917s9999||||xx |||||||||||||| ||und||
040 ## - CATALOGING SOURCE
-- 202523
Original cataloging agency VIVEKANANDA LIBRARY
041 ## - Language
-- English
082 ## - DDC NUMBER
Classification number 658.8 B268S
100 ## - MAIN ENTRY--PERSONAL NAME
Personal name Baron, Steve
245 #0 - TITLE STATEMENT
Title Services marketing: Text and cases
250 ## - EDITION STATEMENT
Edition statement 3rd ed.
260 ## - PUBLICATION, DISTRIBUTION, ETC. (IMPRINT)
Place of publication, distribution, etc London
Name of publisher, distributor, etc Palgrave Macmillan
Date of publication, distribution, etc 2012
300 ## - PHYSICAL DESCRIPTION
Pages 358 p.
942 ## - ADDED ENTRY ELEMENTS (KOHA)
Koha item type Books
Holdings
Withdrawn status Lost status Damaged status Not for loan Location (home branch) Sublocation or collection (holding branch) Shelving location Date acquired Koha issues (times borrowed) Koha full call number Accession No. Koha date last seen Koha item type
        VIVEKANANDA LIBRARY VIVEKANANDA LIBRARY IMSAR Library 13/09/2012   658.8 B268S 304067 17/09/2023 Books
© Designed and Maintained by Vivekananda Library, MDU Rohtak